00734cam a22002171i 4500001001300000003000400013005001700017008004100034010001700075035002000092040001800112042001200130043001200142050001500154100003000169245015400199260007500353300002000428651005100448999001700499sa 64005129 DLC20260227112030.0870402s1962 io 000 0 ind  asa 64005129  a(OCoLC)15477888 aDLCcOAUdDLC apremarc aa-io---00aDS644b.P41 aAidit, D. N.,d1923-1965.10aSetia mengabdi kepentingan² vital pemuda Indonesia dan tjita-tjita revolusi Agustus 1945 :blaporan umum dalam Kongres Nasional ke-VI Pemuda Rakjat. a[Djakarta :bDepartemen Pendidikan Penerangan DN Pemuda Rakjat,c1962] a71 p. ;c18 cm. 0aIndonesiaxPolitics and governmenty1950-1966. c58960d58960